[Event "NJ Futurity International"]
[Site "?"]
[Date "2007.07.07"]
[Round "1"]
[White "NM Ju, Evan"]
[Black "IM Ippolito, Dean"]
[Result "1-0"]
[WhiteElo "2173"]
[BlackElo "2395"]
[PlyCount "65"]
[EventDate "2007.??.??"]

1. e4 e5 2. Nf3 Nf6 3. Nxe5 d6 4. Nf3 Nxe4 5. d4 d5 6. Bd3 Bd6 7. O-O O-O 8. c4
c6 9. Qc2 Na6 10. a3 Bg4 11. Ne5 Bxe5 12. dxe5 Nac5 13. f3 Nxd3 14. Qxd3 Nc5
15. Qd4 Nb3 16. Qxg4 Nxa1 17. Bh6 g6 18. Qf4 Re8 19. Nc3 Nb3 20. cxd5 Qb6+ 21.
Kh1 Qd4 22. Ne4 Rxe5 23. Re1 Rae8 24. Nf6+ Kh8 25. Bg7+ Kxg7 26. Nxe8+ Rxe8 27.
Qxd4+ Nxd4 28. Rxe8 cxd5 29. Rd8 Nc6 30. Rxd5 a6 31. b4 Na7 32. Rd7 Nb5 33. a4
1-0

[Event "NJ Futurity International"]
[Site "?"]
[Date "2007.07.08"]
[Round "2"]
[White "IM Zlotnikov, Mikhail"]
[Black "GM Panchanathan, Magesh"]
[Result "1/2-1/2"]
[WhiteElo "2367"]
[BlackElo "2486"]
[PlyCount "70"]
[EventDate "2007.??.??"]

1. c4 Nf6 2. Nc3 e6 3. e4 d5 4. e5 d4 5. exf6 dxc3 6. bxc3 Qxf6 7. d4 c5 8. Nf3
cxd4 9. cxd4 Bb4+ 10. Bd2 Bxd2+ 11. Qxd2 b6 12. Be2 Bb7 13. O-O O-O 14. Rab1
Rd8 15. Qe3 Nc6 16. Rfd1 Ne7 17. Qe5 Rac8 18. Rbc1 Nf5 19. d5 exd5 20. Bd3 Qxe5
21. Nxe5 Nh4 22. f3 Ng6 23. Bxg6 hxg6 24. cxd5 Rxc1 25. Rxc1 Rxd5 26. Nxf7 Kxf7
27. Rc7+ Kf6 28. Rxb7 Ra5 29. h4 b5 30. Kh2 Rxa2 31. Rxb5 a5 32. Rb6+ Kf7 33.
Ra6 a4 34. Kg3 a3 35. Kf4 Rxg2 1/2-1/2

[Event "NJ Futurity International"]
[Site "?"]
[Date "2007.07.08"]
[Round "2"]
[White "IM Ippolito, Dean"]
[Black "NM Molner, Mackenzie"]
[Result "1-0"]
[WhiteElo "2395"]
[BlackElo "2293"]
[PlyCount "75"]
[EventDate "2007.??.??"]

1. Nf3 Nf6 2. c4 g6 3. g3 Bg7 4. d4 c5 5. Bg2 O-O 6. Nc3 Nc6 7. dxc5 Qa5 8. O-O
Qxc5 9. b3 d6 10. Bb2 Qh5 11. Qd2 Bh3 12. Rad1 Bh6 13. Qe1 Ne5 14. Nd5 Nfg4 15.
Nxe7+ Kg7 16. Rxd6 f6 17. Nh4 Bxg2 18. Kxg2 Rae8 19. h3 Rxe7 20. hxg4 Nxg4 21.
Rd5 Re5 22. Rd7+ Kh8 23. Bxe5 fxe5 24. Qb4 Ne3+ 25. Kg1 Qxe2 26. Qxf8+ Bxf8 27.
fxe3 Bc5 28. Rff7 Qxe3+ 29. Kg2 Qg1+ 30. Kf3 Qe3+ 31. Kg2 Qg1+ 32. Kf3 Qe3+ 33.
Kg4 Qe4+ 34. Kh3 Qh1+ 35. Kg4 Qe4+ 36. Kg5 Kg8 37. Rg7+ Kh8 38. Rxh7+ 1-0

[Event "NJ Futurity International"]
[Site "?"]
[Date "2007.07.08"]
[Round "2"]
[White "GM Erenburg, Sergey"]
[Black "NM Ju, Evan"]
[Result "1/2-1/2"]
[WhiteElo "2565"]
[BlackElo "2173"]
[PlyCount "113"]
[EventDate "2007.??.??"]

1. e4 e6 2. d4 d5 3. e5 c5 4. c3 Qb6 5. Nf3 Bd7 6. Bd3 Bb5 7. dxc5 Bxc5 8. b4
Bf8 9. O-O Bxd3 10. Qxd3 Nd7 11. Be3 Qc7 12. Na3 a6 13. c4 Ne7 14. Rac1 Nxe5
15. Nxe5 Qxe5 16. Rfe1 Qf5 17. Qb3 dxc4 18. Nxc4 Nd5 19. b5 Nxe3 20. bxa6 Nxc4
21. Qxb7 Rd8 22. Qc6+ Ke7 23. Rxc4 Qd5 24. Qxd5 Rxd5 25. Ra4 Rd8 26. a7 Ra8 27.
Rb1 g6 28. Rb7+ Kf6 29. Rf4+ Ke5 30. Rfxf7 Bc5 31. Rb5 Kd6 32. Ra5 Rhc8 33. Kf1
Bb6 34. Ra6 Kc6 35. Rxh7 Kb5 36. Ra3 Rc2 37. Rf7 Rc7 38. Rb3+ Kc6 39. Rf6 Re7
40. Rxg6 Raxa7 41. Rb2 Bd4 42. Re2 Kd5 43. h4 Ra8 44. h5 e5 45. h6 Re6 46. Rxe6
Kxe6 47. Rc2 Kf5 48. h7 Kg6 49. Rc7 Rh8 50. a4 Rxh7 51. Rxh7 Kxh7 52. a5 Kg6
53. f3 Kf5 54. Ke2 Kf4 55. Kd3 Ba7 56. Kc4 Kg3 57. a6 1/2-1/2

[Event "NJ Futurity International"]
[Site "?"]
[Date "2007.07.09"]
[Round "4"]
[White "IM Ippolito, Dean"]
[Black "GM Zaitchik, Gennadi"]
[Result "1/2-1/2"]
[WhiteElo "2395"]
[BlackElo "2473"]
[PlyCount "27"]
[EventDate "2007.??.??"]

1. d4 d6 2. Nf3 g6 3. c4 Bg7 4. g3 c5 5. Bg2 cxd4 6. Nxd4 Qb6 7. Nb5 a6 8. Be3
Qa5+ 9. Bd2 Qb6 10. Be3 Qa5+ 11. Bd2 Qb6 12. Be3 Qd8 13. Bd2 Nc6 14. N5c3
1/2-1/2

[Event "NJ Futurity International"]
[Site "?"]
[Date "2007.07.09"]
[Round "5"]
[White "GM Zaitchik, Gennadi"]
[Black "GM Erenburg, Sergey"]
[Result "0-1"]
[WhiteElo "2473"]
[BlackElo "2565"]
[PlyCount "91"]
[EventDate "2007.??.??"]

1. d4 d5 2. c4 e6 3. Nc3 c6 4. Nf3 Nf6 5. cxd5 exd5 6. Bg5 Be7 7. Qc2 g6 8.
Bxf6 Bxf6 9. e4 dxe4 10. Qxe4+ Kf8 11. Bc4 Kg7 12. O-O Re8 13. Qf4 Be6 14. Bxe6
Rxe6 15. Rad1 Na6 16. d5 cxd5 17. Rxd5 Qc7 18. Qd2 Rd8 19. Rxd8 Qxd8 20. Qxd8
Bxd8 21. Nd4 Rb6 22. b3 Bf6 23. Nde2 Nb4 24. Rc1 Rc6 25. a3 Nd3 26. Rc2 h5 27.
g3 h4 28. f4 h3 29. Kf1 a6 30. b4 Kf8 31. Rd2 Nxf4 32. gxf4 Bxc3 33. Rd3 Bf6
34. Rxh3 Rc2 35. Rd3 Ke7 36. h3 Ra2 37. Kf2 Ra1 38. Rb3 b5 39. Kf3 Bg7 40. Nc3
Ke6 41. Ne4 Rf1+ 42. Kg3 Bh6 43. Rf3 Rxf3+ 44. Kxf3 Kd5 45. Ke3 Bg7 46. Kd3 0-1

[Event "NJ Futurity International"]
[Site "?"]
[Date "2007.07.09"]
[Round "5"]
[White "NM Ju, Evan"]
[Black "IM Simutowe, Amon"]
[Result "0-1"]
[WhiteElo "2173"]
[BlackElo "2421"]
[PlyCount "108"]
[EventDate "2007.??.??"]

1. e4 c6 2. d4 d5 3. Nd2 dxe4 4. Nxe4 Nd7 5. Ng5 Ngf6 6. Bd3 e6 7. N1f3 Bd6 8.
Qe2 h6 9. Ne4 Nxe4 10. Qxe4 Qc7 11. O-O b6 12. Re1 Nf6 13. Qe2 Bb7 14. Ne5 O-O
15. Ng4 Nxg4 16. Qxg4 f5 17. Qh5 Rf6 18. Bc4 Qd7 19. Bd2 Re8 20. Re2 c5 21.
dxc5 Bxc5 22. Rae1 Qc6 23. Qxe8+ Qxe8 24. Rxe6 Rxe6 25. Rxe6 Qa4 26. Bb3 Bxf2+
27. Kh1 Qg4 28. Re4+ Kh7 29. Rxg4 fxg4 30. Be6 h5 31. Bd7 Bd5 32. a3 a5 33. Bf4
Kg6 34. Bg3 Bxg3 35. hxg3 Kf6 36. Kg1 g5 37. Kf2 Be6 38. Bc6 Ke5 39. Ke3 h4 40.
gxh4 gxh4 41. b3 h3 42. gxh3 gxh3 43. c4 Kd6 44. Bh1 a4 45. bxa4 Bxc4 46. Kf2
Bd5 47. Kg1 Bxh1 48. Kxh1 Kc5 49. Kh2 Kc4 50. Kxh3 Kb3 51. Kg2 Kxa4 52. Kf2
Kxa3 53. Ke2 b5 54. Kd2 b4 0-1

[Event "NJ Futurity International"]
[Site "?"]
[Date "2007.07.10"]
[Round "6"]
[White "NM Ju, Evan"]
[Black "NM Molner, Mackenzie"]
[Result "1-0"]
[WhiteElo "2173"]
[BlackElo "2293"]
[PlyCount "88"]
[EventDate "2007.??.??"]

1. e4 d6 2. d4 Nf6 3. Nc3 g6 4. f4 Bg7 5. Nf3 c5 6. Bb5+ Bd7 7. e5 Ng4 8. e6
fxe6 9. Ng5 Bxb5 10. Nxb5 Qa5+ 11. c3 Qxb5 12. Qxg4 cxd4 13. Nxe6 Qc4 14. Nxg7+
Kf7 15. Nf5 h5 16. Qg5 Qe6+ 17. Ne3 dxe3 18. Qb5 Nd7 19. Qe2 Qg4 20. Bxe3 Qxe2+
21. Kxe2 h4 22. h3 Rh5 23. Rad1 Rf5 24. Rd4 Nc5 25. Rf1 Rf8 26. c4 Ke8 27. Rf3
b6 28. b4 Ne6 29. Re4 Kd7 30. Bd2 b5 31. Ra3 Nxf4+ 32. Bxf4 Rxf4 33. Rxa7+ Kc6
34. cxb5+ Kxb5 35. a4+ Kc6 36. b5+ Kd5 37. Rxf4 Rxf4 38. b6 Kc6 39. a5 Rb4 40.
Rxe7 d5 41. Kd3 Rb5 42. Rc7+ Kd6 43. Ra7 Kc6 44. b7 Rb6 1-0

[Event "NJ Futurity International"]
[Site "?"]
[Date "2007.07.10"]
[Round "6"]
[White "IM Zlotnikov, Mikhail"]
[Black "GM Zaitchik, Gennadi"]
[Result "1-0"]
[WhiteElo "2367"]
[BlackElo "2473"]
[PlyCount "95"]
[EventDate "2007.??.??"]

1. Nf3 d5 2. d4 Nf6 3. e3 c5 4. Nbd2 Nc6 5. c3 cxd4 6. exd4 Bg4 7. h3 Bh5 8.
Be2 Qc7 9. O-O e6 10. Ne5 Nxe5 11. Bxh5 Nc6 12. Be2 Bd6 13. Bd3 O-O 14. Nf3
Rab8 15. Qe2 Rfe8 16. Re1 e5 17. dxe5 Nxe5 18. Nxe5 Bxe5 19. Be3 Bh2+ 20. Kh1
Bf4 21. Qf3 Bxe3 22. Rxe3 Qb6 23. Rb1 Rxe3 24. Qxe3 Qxe3 25. fxe3 Re8 26. Re1
Kf8 27. Re2 Re5 28. Kg1 Ke7 29. Kf2 Nd7 30. g4 h5 31. Bc2 Nf6 32. Kf3 Kd6 33.
Rd2 g6 34. Rd4 Nh7 35. gxh5 Rxh5 36. h4 Nf8 37. c4 Ke7 38. cxd5 Kd6 39. Rf4 f5
40. e4 fxe4+ 41. Bxe4 Nd7 42. Bxg6 Ne5+ 43. Kg3 Nxg6 44. Rf6+ Kd7 45. Rxg6 Rxd5
46. Rg7+ Kc6 47. Rf7 Rd8 48. h5 1-0

[Event "NJ Futurity International"]
[Site "?"]
[Date "2007.07.10"]
[Round "6"]
[White "GM Erenburg, Sergey"]
[Black "FM Bartell, Tom"]
[Result "1-0"]
[WhiteElo "2565"]
[BlackElo "2398"]
[PlyCount "87"]
[EventDate "2007.??.??"]

1. e4 c5 2. Nf3 g6 3. d4 cxd4 4. Nxd4 Bg7 5. c4 Nc6 6. Be3 Nf6 7. Nc3 d6 8. Be2
O-O 9. O-O Bd7 10. Qd2 Nxd4 11. Bxd4 Bc6 12. f3 a5 13. b3 Nd7 14. Be3 Nc5 15.
Rfc1 Qb6 16. Rab1 Rfc8 17. Rc2 Qd8 18. Bf1 Be5 19. Rd1 e6 20. Qe1 Qe7 21. Kh1
b6 22. Qf2 Kh8 23. Nb5 Rg8 24. a3 g5 25. b4 axb4 26. axb4 Nd7 27. Bd4 Ra4 28.
Qd2 Rga8 29. Bxe5+ dxe5 30. Nd6 Ra1 31. Rcc1 Rxc1 32. Rxc1 Nf8 33. c5 bxc5 34.
bxc5 h6 35. Bb5 Bxb5 36. Nxb5 Qb7 37. Qb2 Ng6 38. c6 Qb6 39. c7 Rc8 40. Qb4 Qe3
41. Qc5 Qe2 42. Qc4 Qd2 43. Na7 Nf4 44. Qc2 1-0

[Event "NJ Futurity International"]
[Site "?"]
[Date "2007.07.10"]
[Round "6"]
[White "IM Simutowe, Amon"]
[Black "IM Ippolito, Dean"]
[Result "1-0"]
[WhiteElo "2421"]
[BlackElo "2395"]
[PlyCount "109"]
[EventDate "2007.??.??"]

1. e4 e5 2. Nf3 Nf6 3. Nc3 Nc6 4. d4 exd4 5. Nxd4 Bb4 6. Nxc6 bxc6 7. Bd3 d5 8.
exd5 O-O 9. O-O cxd5 10. Bg5 c6 11. Qf3 Be7 12. Rae1 Be6 13. Qg3 Rb8 14. b3 Bb4
15. Re3 Bxc3 16. Bxh7+ Kxh7 17. Qh4+ Kg8 18. Rxc3 Qe7 19. Rg3 Qb4 20. Qxb4 Rxb4
21. Bxf6 Rg4 22. Rxg4 Bxg4 23. Bd4 Re8 24. Rc1 a6 25. f3 Bf5 26. Kf2 f6 27. g4
Bg6 28. h4 Kf7 29. h5 Bh7 30. c4 dxc4 31. Rxc4 Bd3 32. Rxc6 Re2+ 33. Kg3 Rxa2
34. h6 gxh6 35. Rxf6+ Kg8 36. Rxh6 a5 37. Rb6 Bc2 38. b4 axb4 39. Rxb4 Ra3 40.
Rc4 Bd1 41. Rc3 Rxc3 42. Bxc3 Kf7 43. f4 Ba4 44. f5 Bc2 45. Kf4 Ba4 46. g5 Be8
47. g6+ Kg8 48. Kg5 Ba4 49. f6 Bb3 50. Bb4 Ba2 51. Kf4 Bb3 52. Ke5 Ba2 53. Kd6
Kf8 54. Kd7+ Kg8 55. Ke7 1-0

[Event "NJ Futurity International"]
[Site "?"]
[Date "2007.07.11"]
[Round "8"]
[White "IM Zlotnikov, Mikhail"]
[Black "IM Ippolito, Dean"]
[Result "1/2-1/2"]
[WhiteElo "2367"]
[BlackElo "2395"]
[PlyCount "37"]
[EventDate "2007.??.??"]

1. c4 e5 2. Nc3 Nf6 3. Nf3 Nc6 4. d3 d5 5. cxd5 Nxd5 6. Bd2 Be7 7. g3 O-O 8.
Bg2 Be6 9. O-O f6 10. a3 Qd7 11. b4 Nd4 12. e3 Nxf3+ 13. Bxf3 c5 14. bxc5 Bxc5
15. Qa4 Nxc3 16. Qxd7 Ne2+ 17. Bxe2 Bxd7 18. Bf3 Rab8 19. Rfc1 1/2-1/2

[Event "NJ Futurity International"]
[Site "?"]
[Date "2007.07.11"]
[Round "8"]
[White "IM Simutowe, Amon"]
[Black "GM Erenburg, Sergey"]
[Result "0-1"]
[WhiteElo "2421"]
[BlackElo "2565"]
[PlyCount "94"]
[EventDate "2007.??.??"]

1. e4 c6 2. d4 d5 3. e5 Bf5 4. h4 h6 5. Nc3 e6 6. g4 Bh7 7. Bd3 Bxd3 8. Qxd3 c5
9. Nge2 Nc6 10. Be3 Nge7 11. h5 cxd4 12. Bxd4 Nxd4 13. Nxd4 Nc6 14. f4 Nxd4 15.
Qxd4 Qa5 16. O-O-O Bb4 17. Ne2 O-O-O 18. f5 Bc5 19. Qc3 Qxc3 20. Nxc3 Be3+ 21.
Kb1 Bf4 22. Nb5 Bxe5 23. fxe6 a6 24. e7 Rde8 25. Rxd5 Rxe7 26. Rxe5 Rxe5 27.
Nd6+ Kc7 28. Nxf7 Rhe8 29. Nxe5 Rxe5 30. Kc1 Rg5 31. Rh4 Kd6 32. Kd2 Ke6 33.
Ke3 Kf6 34. Kf3 Ra5 35. a3 Kg5 36. Rh2 Ra4 37. Rg2 Rf4+ 38. Ke3 Rxg4 39. Rxg4+
Kxg4 40. b4 Kxh5 41. c4 Kg6 42. c5 Kf6 43. a4 Ke6 44. b5 axb5 45. axb5 Kd5 46.
c6 bxc6 47. b6 Kd6 0-1

[Event "NJ Futurity International"]
[Site "?"]
[Date "2007.07.11"]
[Round "9"]
[White "IM Ippolito, Dean"]
[Black "GM Panchanathan, Magesh"]
[Result "1/2-1/2"]
[WhiteElo "2395"]
[BlackElo "2486"]
[PlyCount "49"]
[EventDate "2007.??.??"]

1. d4 Nf6 2. c4 e6 3. Nc3 Bb4 4. Qc2 O-O 5. a3 Bxc3+ 6. Qxc3 b6 7. Bg5 Bb7 8.
f3 d5 9. e3 h6 10. Bh4 c5 11. dxc5 bxc5 12. cxd5 exd5 13. Qxc5 Nc6 14. Bb5 Rc8
15. Ne2 Ne5 16. Qd4 Qa5+ 17. Qb4 Qxb4+ 18. axb4 a6 19. Bg3 Nxf3+ 20. gxf3 axb5
21. Be5 Nd7 22. Bd4 f6 23. Ra7 Bc6 24. f4 Bb7 25. Ra1 1/2-1/2